Statistics for F1 Winners: Turkish Grand Prix

Click here to take the quiz!

General Stats

  • This quiz has been taken 267 times
    (230 since last reset)
  • The average score is 9 of 9

Answer Stats

SeasonTrackDriver% Correct
2010Istanbul ParkLewis Hamilton
99%
2020Istanbul ParkLewis Hamilton
99%
2011Istanbul ParkSebastian Vettel
97%
2009Istanbul ParkJenson Button
96%
2021Istanbul ParkValtteri Bottas
96%
2006Istanbul ParkFelipe Massa
93%
2007Istanbul ParkFelipe Massa
93%
2008Istanbul ParkFelipe Massa
93%
2005Istanbul ParkKimi Räikkönen
89%

Score Distribution

Percentile by Number Answered

Percent of People with Each Score

Your Score History

You have not taken this quiz since the last reset